[Event "Schachfestival 2013"]
[Site "Bad Woerishofen"]
[Date "2013.03.07"]
[Round "8.44"]
[White "Stein, Marco"]
[Black "Dierich, Jochen"]
[Result "0-1"]
[WhiteElo "2147"]
[BlackElo "1950"]
[Annotator "chessorg"]
[PlyCount "116"]
[EventDate "2013.??.??"]
[WhiteTeam "SK Marktoberdorf"]
[BlackTeam "SF Bad Groenenbach"]

1. d4 g6 2. c4 Bg7 3. Nc3 d6 4. e4 c6 5. Be3 a6 6. f3 b5 7. Qd2 Nd7 8. a4 b4 9.
Nd1 Qa5 10. Nh3 Ngf6 11. Nhf2 e5 12. Nd3 exd4 13. Bxd4 c5 14. Be3 O-O 15. Bh6
Ne5 16. Bxg7 Kxg7 17. b3 Nc6 18. Ne3 Nd4 19. Qb2 Bb7 20. Nc2 Nxc2+ 21. Qxc2
Rac8 22. Qb2 Qd8 23. Be2 Kg8 24. O-O Qe7 25. Rad1 Rcd8 26. Nf2 Ne8 27. Bd3 Nc7
28. Ng4 f6 29. Rfe1 Ne6 30. Ne3 Nd4 31. Nc2 Nxc2 32. Qxc2 Rd7 33. Bf1 Rfd8 34.
Re2 Rc7 35. Red2 Bc8 36. Bd3 Be6 37. f4 Bf7 38. Be2 h5 39. Bf3 Rcd7 40. Qd3 Kg7
41. Qf1 Qe6 42. Qf2 Qe7 43. Qg3 Kh6 44. h3 g5 45. fxg5+ fxg5 46. e5 dxe5 47.
Rxd7 Rxd7 48. Rxd7 Qxd7 49. Qxe5 Qd4+ 50. Qxd4 cxd4 51. Be4 Kg7 52. a5 Kf6 53.
Kf2 Ke5 54. Bb7 Bxc4 55. bxc4 b3 56. Kf3 g4+ 57. hxg4 hxg4+ 58. Kxg4 b2 0-1

[Event "Schachfestival 2013"]
[Site "Bad Woerishofen"]
[Date "2013.03.07"]
[Round "8.45"]
[White "Haugg, Gerhard"]
[Black "Vossenkuhl, Joachim"]
[Result "0-1"]
[WhiteElo "1951"]
[BlackElo "2121"]
[Annotator "chessorg"]
[PlyCount "68"]
[EventDate "2013.??.??"]
[WhiteTeam "Spgem Koetz/Ichenhausen"]
[BlackTeam "Ratinger Schachklub 1950"]

1. e4 c6 2. d4 d5 3. e5 Bf5 4. Ne2 e6 5. Nf4 c5 6. Bb5+ Nc6 7. h4 h5 8. Be3
cxd4 9. Bxd4 Qa5+ 10. Nc3 a6 11. Bxc6+ bxc6 12. Nd3 c5 13. b4 cxb4 14. Ne2 Ne7
15. Qd2 Nc6 16. O-O Be7 17. g3 Be4 18. Rfb1 Qc7 19. Kh2 a5 20. Rc1 Qd8 21. Qe3
Nxd4 22. Nxd4 Qb6 23. Nf5 Qxe3 24. Nxe3 Kd7 25. Ng2 Bxd3 26. cxd3 Rhc8 27. Nf4
g6 28. Kg2 Rxc1 29. Rxc1 Rc8 30. Ne2 Rxc1 31. Nxc1 Bc5 32. Nb3 Bb6 33. Kf3 a4
34. Nc1 Bd4 0-1

[Event "Schachfestival 2013"]
[Site "Bad Woerishofen"]
[Date "2013.03.07"]
[Round "8.56"]
[White "Kluegel, Jan"]
[Black "Spanton, Timothy"]
[Result "1-0"]
[WhiteElo "1898"]
[BlackElo "2024"]
[Annotator "chessorg"]
[PlyCount "85"]
[EventDate "2013.??.??"]
[WhiteTeam "SV VHS Rendsburg"]
[BlackTeam "Hastings"]

1. d4 d5 2. Bf4 Nf6 3. Nf3 Nc6 4. e3 Bg4 5. Be2 e6 6. O-O Bd6 7. Bg3 O-O 8.
Nbd2 Qe7 9. c4 Rfd8 10. Rc1 Bxg3 11. hxg3 a6 12. a3 Ne4 13. Nxe4 dxe4 14. Nd2
Bf5 15. Qc2 Nxd4 16. exd4 e3 17. Qc3 exd2 18. Rcd1 c5 19. Rxd2 cxd4 20. Rxd4
Rxd4 21. Qxd4 Rd8 22. Qc3 h6 23. Rd1 Rc8 24. b4 Be4 25. Bf3 Bxf3 26. gxf3 Qc7
27. Rd4 Rd8 28. Qd3 Rxd4 29. Qxd4 Qc6 30. Qd8+ Kh7 31. Qd3+ g6 32. c5 h5 33.
Kg2 Kg7 34. Qd8 e5 35. Qe7 Qd5 36. a4 Kh6 37. b5 axb5 38. axb5 f5 39. Qd6 Qb3
40. c6 bxc6 41. bxc6 e4 42. fxe4 h4 43. exf5 1-0

[Event "Schachfestival 2013"]
[Site "Bad Woerishofen"]
[Date "2013.03.07"]
[Round "8.59"]
[White "Herold, Gunther"]
[Black "Gerhards, Walter"]
[Result "0-1"]
[WhiteElo "1866"]
[BlackElo "1953"]
[Annotator "chessorg"]
[PlyCount "62"]
[EventDate "2013.??.??"]
[WhiteTeam "SK Oberguenzburg"]
[BlackTeam "Ratinger Schachklub 1950"]

1. f4 c5 2. Nf3 d5 3. e3 g6 4. Bb5+ Bd7 5. Bxd7+ Qxd7 6. Ne5 Qe6 7. Nc3 Nc6 8.
Nxc6 Qxc6 9. Qf3 Nf6 10. d3 Bg7 11. Bd2 e6 12. O-O O-O 13. Rab1 Rfd8 14. g4 Qd7
15. Rf2 Rac8 16. Rbf1 d4 17. Nd1 dxe3 18. Bxe3 Nd5 19. Bc1 Bd4 20. Kg2 Bxf2 21.
Nxf2 f5 22. b3 Nb4 23. Qe2 Nc6 24. c3 Re8 25. d4 cxd4 26. cxd4 Nxd4 27. Qd3 Rc2
28. Kh3 Qd5 29. Rd1 fxg4+ 30. Nxg4 Qh5+ 31. Kg3 Nf5+ 0-1

[Event "Schachfestival 2013"]
[Site "Bad Woerishofen"]
[Date "2013.03.07"]
[Round "8.63"]
[White "Harsch, Martin"]
[Black "Zoll, Detlef"]
[Result "1-0"]
[WhiteElo "2009"]
[BlackElo "1913"]
[Annotator "chessorg"]
[PlyCount "43"]
[EventDate "2013.??.??"]
[WhiteTeam "Roche Basel"]
[BlackTeam "ESV Eberswalde 1949"]

1. e4 e6 2. d4 d5 3. Nd2 dxe4 4. Nxe4 Nd7 5. Nf3 Ngf6 6. Nxf6+ Nxf6 7. Bd3 Be7
8. O-O O-O 9. Qe2 b6 10. Bf4 Bb7 11. Rad1 Rc8 12. c3 Bxf3 13. Qxf3 Qd5 14. Qe2
Bd6 15. Be5 Rcd8 16. b4 Qc6 17. Bxf6 gxf6 18. Bxh7+ Kxh7 19. Qh5+ Kg7 20. Qg4+
Kh7 21. Rd3 Bf4 22. Qxf4 1-0

[Event "Schachfestival 2013"]
[Site "Bad Woerishofen"]
[Date "2013.03.07"]
[Round "8.66"]
[White "Bangert, Ruediger"]
[Black "Von Saldern, Ruediger"]
[Result "0-1"]
[WhiteElo "1694"]
[BlackElo "1964"]
[Annotator "chessorg"]
[PlyCount "80"]
[EventDate "2013.??.??"]
[WhiteTeam "SG Siemens Erlangen e.V."]
[BlackTeam "SF Starnberger See e.V."]

1. Nf3 d5 2. d4 Nf6 3. c4 e6 4. e3 Be7 5. Nc3 O-O 6. cxd5 exd5 7. Be2 c6 8. a4
Bf5 9. Bd2 Nbd7 10. Nh4 Be6 11. Nf3 Qb6 12. O-O Ne4 13. Nxe4 dxe4 14. Ne1 c5
15. a5 Qb3 16. Qxb3 Bxb3 17. Bd1 Be6 18. f3 cxd4 19. exd4 Bc4 20. Rf2 Bf6 21.
Be3 Rfe8 22. fxe4 Rxe4 23. Bf3 Rxe3 24. Bxb7 Rd8 25. Nf3 Rb3 26. Be4 Ba6 27.
Kh1 Nf8 28. Bc2 Rb4 29. Raf1 Bxf1 30. Rxf1 Bxd4 31. Ng5 f6 32. Nf3 Rxb2 33. Be4
Ne6 34. a6 Ng5 35. Nxg5 fxg5 36. g3 Bb6 37. Re1 g6 38. Bb7 Rdd2 39. Re8+ Kg7
40. Re7+ Kh6 0-1

[Event "Schachfestival 2013"]
[Site "Bad Woerishofen"]
[Date "2013.03.07"]
[Round "8.73"]
[White "Engl, Heinz"]
[Black "Dewenter, Ulf"]
[Result "1/2-1/2"]
[WhiteElo "2072"]
[BlackElo "2157"]
[Annotator "chessorg"]
[PlyCount "29"]
[EventDate "2013.??.??"]
[WhiteTeam "Blinden SC Muenchen"]
[BlackTeam "Schachclub Weisse Dame Borbeck 25"]

1. e4 Nf6 2. Nc3 d5 3. exd5 Nxd5 4. d4 Nc6 5. Nf3 g6 6. Nxd5 Qxd5 7. c4 Qd6 8.
d5 Ne5 9. Nxe5 Qxe5+ 10. Be2 Bg7 11. O-O O-O 12. a4 c6 13. Bf3 cxd5 14. Re1 Qf6
15. cxd5 1/2-1/2

[Event "Schachfestival 2013"]
[Site "Bad Woerishofen"]
[Date "2013.03.07"]
[Round "8.77"]
[White "Dobierzin, Olaf"]
[Black "Stoll, Katja"]
[Result "0-1"]
[WhiteElo "2056"]
[BlackElo "1715"]
[Annotator "chessorg"]
[PlyCount "84"]
[EventDate "2013.??.??"]
[WhiteTeam "Schachgemeinschaft Leipzig"]
[BlackTeam "SC Weisse Dame Ulm e.V."]

1. e4 e5 2. Nf3 Nf6 3. Nxe5 d6 4. Nf3 Nxe4 5. d4 d5 6. Bd3 Be7 7. O-O O-O 8. c4
Nf6 9. Nc3 c6 10. Bf4 Bg4 11. c5 Nbd7 12. h3 Bh5 13. Re1 Re8 14. b4 a6 15. Rb1
b6 16. g4 Bg6 17. Ne5 Nxe5 18. dxe5 Nd7 19. e6 Nf6 20. Bxg6 fxg6 21. cxb6 Qxb6
22. Be3 Qc7 23. Bd4 Bd6 24. Qf3 Rf8 25. Qe2 Qe7 26. a3 Ne8 27. Na4 Nc7 28. Nc5
Nb5 29. Bb2 Rf4 30. Qe3 Rc4 31. a4 Rxb4 32. axb5 Bxc5 33. Qe5 axb5 34. Bc3 Rxb1
35. Rxb1 Rf8 36. Rb2 Bd6 37. Qe3 b4 38. Bd4 c5 39. Be5 Qxe6 40. Bxd6 Qxd6 41.
Rc2 c4 42. Qd4 Rf4 0-1

[Event "Schachfestival 2013"]
[Site "Bad Woerishofen"]
[Date "2013.03.07"]
[Round "8.78"]
[White "Ellinger, Peter"]
[Black "Antoniacci, Riccardo"]
[Result "1-0"]
[WhiteElo "2028"]
[BlackElo "1887"]
[Annotator "chessorg"]
[PlyCount "35"]
[EventDate "2013.??.??"]
[WhiteTeam "SK Lister Turm"]
[BlackTeam "DLF Rimini"]

1. e4 c5 2. Nf3 Nc6 3. d4 cxd4 4. Nxd4 g6 5. c4 Bg7 6. Be3 Nf6 7. Nc3 Ng4 8.
Qxg4 Nxd4 9. Qd1 Ne6 10. Rc1 Qa5 11. Bd3 b6 12. O-O Bb7 13. f4 O-O 14. Kh1 Rac8
15. a3 Nd4 16. Bxd4 Bxd4 17. b4 Qh5 18. Be2 1-0

[Event "Schachfestival 2013"]
[Site "Bad Woerishofen"]
[Date "2013.03.07"]
[Round "8.81"]
[White "Scharrer, Udo"]
[Black "Taufratshofer, Martin"]
[Result "1/2-1/2"]
[WhiteElo "2039"]
[BlackElo "1977"]
[Annotator "chessorg"]
[PlyCount "44"]
[EventDate "2013.??.??"]
[WhiteTeam "SV Dicker Turm Esslingen"]
[BlackTeam "SK Oberguenzburg"]

1. d4 g6 2. c4 Bg7 3. e4 d6 4. Be2 Nf6 5. Nc3 O-O 6. Bg5 h6 7. Be3 c5 8. d5 e6
9. h3 exd5 10. exd5 Re8 11. Qd2 Kh7 12. Bd3 Nbd7 13. Nf3 Ne5 14. Nxe5 Rxe5 15.
O-O a6 16. Bf4 Re7 17. Rae1 Rb8 18. a4 b6 19. Rxe7 Qxe7 20. Re1 Qf8 21. Re2 Bd7
22. b3 Re8 1/2-1/2

[Event "Schachfestival 2013"]
[Site "Bad Woerishofen"]
[Date "2013.03.07"]
[Round "8.88"]
[White "Titz, Waldemar"]
[Black "Lang, Ludwig"]
[Result "1-0"]
[WhiteElo "1734"]
[BlackElo "1413"]
[Annotator "chessorg"]
[PlyCount "57"]
[EventDate "2013.??.??"]
[WhiteTeam "SV Rottweil"]
[BlackTeam "SK Bobingen"]

1. e4 e5 2. Nf3 Nc6 3. d4 exd4 4. Nxd4 Nge7 5. Nc3 g6 6. Be3 Bg7 7. Be2 O-O 8.
O-O d5 9. Nxc6 bxc6 10. Bd4 dxe4 11. Bxg7 Qxd1 12. Raxd1 Kxg7 13. Nxe4 Bf5 14.
Bd3 Nd5 15. Nc5 Bxd3 16. Nxd3 f6 17. c4 Ne7 18. Nc5 Kf7 19. Rd7 Rac8 20. Re1
Rfe8 21. Kf1 Kg8 22. Rexe7 Rxe7 23. Rxe7 h5 24. Re6 Kf7 25. Rxc6 Ke7 26. Na6
Kd7 27. Rxf6 c5 28. Rxg6 Rc6 29. Nb8+ 1-0

[Event "Schachfestival 2013"]
[Site "Bad Woerishofen"]
[Date "2013.03.08"]
[Round "9.1"]
[White "Mainka, Romuald"]
[Black "Starostits, Ilmars"]
[Result "1/2-1/2"]
[WhiteElo "2430"]
[BlackElo "2470"]
[Annotator "chessorg"]
[PlyCount "28"]
[EventDate "2013.??.??"]
[WhiteTeam "Schachclub Hansa Dortmund e.V."]
[BlackTeam "SC Schwegenheim"]

1. e4 c6 2. d4 d5 3. Nd2 dxe4 4. Nxe4 Bf5 5. Ng3 Bg6 6. h4 h6 7. Nf3 Nd7 8. h5
Bh7 9. Bd3 Bxd3 10. Qxd3 Ngf6 11. Bd2 Qc7 12. O-O-O O-O-O 13. Ne4 e6 14. g3 Nc5
1/2-1/2

[Event "Schachfestival 2013"]
[Site "Bad Woerishofen"]
[Date "2013.03.08"]
[Round "9.2"]
[White "Epishin, Vladimir"]
[Black "Pap, Misa"]
[Result "1/2-1/2"]
[WhiteElo "2607"]
[BlackElo "2511"]
[Annotator "chessorg"]
[PlyCount "80"]
[EventDate "2013.??.??"]
[WhiteTeam "Luebecker SV von 1873"]
[BlackTeam "Sfr. Korbach"]

1. d4 Nf6 2. Nf3 e6 3. c4 c5 4. Nc3 cxd4 5. Nxd4 a6 6. e4 Qc7 7. Be2 Bb4 8. Qd3
O-O 9. O-O Bxc3 10. bxc3 d6 11. Rd1 Nbd7 12. Nb3 Ne5 13. Qd4 Nc6 14. Qd3 Rd8
15. Bg5 Qe7 16. Nd4 Ne5 17. Qe3 h6 18. Bh4 Ng6 19. Bxf6 Qxf6 20. Rab1 Nf4 21.
Bf1 e5 22. Nb3 a5 23. Rb2 a4 24. Nc1 Ne6 25. Nd3 a3 26. Rb3 Ra5 27. Qb6 Ra6 28.
Qb4 Qh4 29. Rxa3 Rxa3 30. Qxa3 Qxe4 31. c5 Qc6 32. cxd6 Qxd6 33. Qxd6 Rxd6 34.
Re1 f6 35. f4 exf4 36. Nxf4 Kf8 37. Nxe6+ Bxe6 38. a4 b6 39. Bb5 Ke7 40. c4 Kd8
1/2-1/2

[Event "Schachfestival 2013"]
[Site "Bad Woerishofen"]
[Date "2013.03.08"]
[Round "9.5"]
[White "Friedrich, Norbert"]
[Black "Karpatchev, Aleksandr"]
[Result "0-1"]
[WhiteElo "2321"]
[BlackElo "2487"]
[Annotator "chessorg"]
[PlyCount "86"]
[EventDate "2013.??.??"]
[WhiteTeam "SG Waldshut-Tiengen"]
[BlackTeam "SF Bad Mergentheim"]

1. e4 e5 2. Nf3 Nc6 3. Bb5 a6 4. Ba4 Nf6 5. d4 exd4 6. O-O Be7 7. e5 Ne4 8.
Nxd4 O-O 9. Nf5 Nc5 10. Qg4 g6 11. Bxc6 dxc6 12. Nxe7+ Qxe7 13. Qg3 Re8 14. Re1
Bf5 15. Nc3 Ne6 16. Ne4 Bxe4 17. Rxe4 Rad8 18. Bh6 Rd4 19. Ree1 Red8 20. h3
R8d7 21. Be3 R4d5 22. a3 Qd8 23. Kh2 h5 24. f4 Ng7 25. Qf3 Nf5 26. Bf2 Qe7 27.
Re2 Qe6 28. Rf1 Rd2 29. Rfe1 Ng7 30. Be3 Rxe2 31. Qxe2 Nf5 32. Bf2 Ng7 33. Be3
Qd5 34. g4 hxg4 35. hxg4 g5 36. Qg2 Qb5 37. b3 Ne6 38. Qg3 gxf4 39. Bxf4 Qc5
40. Re2 Qxa3 41. g5 Qb4 42. Be3 Qe4 43. Rg2 Nf8 0-1

[Event "Schachfestival 2013"]
[Site "Bad Woerishofen"]
[Date "2013.03.08"]
[Round "9.7"]
[White "Lampert, Jonas"]
[Black "Teske, Henrik"]
[Result "0-1"]
[WhiteElo "2281"]
[BlackElo "2513"]
[Annotator "chessorg"]
[PlyCount "70"]
[EventDate "2013.??.??"]
[WhiteTeam "Hamburger SK von 1830 eV"]
[BlackTeam "SC 1950 Remagen"]

1. e4 Nc6 2. Nf3 d6 3. d4 Bg4 4. d5 Nb8 5. h3 Bxf3 6. Qxf3 Nf6 7. Bb5+ Nbd7 8.
Bg5 a6 9. Ba4 b5 10. Bb3 g6 11. c3 Bg7 12. O-O O-O 13. Qe3 Nc5 14. Bc2 e6 15.
b4 Ncd7 16. dxe6 fxe6 17. Bh6 Bxh6 18. Qxh6 Nh5 19. Qe3 Nf4 20. Kh2 Qg5 21. Qg3
Qf6 22. Qe3 Qg5 23. Qg3 Qe5 24. Nd2 a5 25. a4 axb4 26. cxb4 c5 27. bxc5 Nxc5
28. Ra2 bxa4 29. Nc4 Qd4 30. Nb6 Ne2 31. Rd1 Qxd1 32. Bxd1 Nxg3 33. Nxa8 Ngxe4
34. Nb6 Nc3 35. Rd2 a3 0-1

[Event "Schachfestival 2013"]
[Site "Bad Woerishofen"]
[Date "2013.03.08"]
[Round "9.8"]
[White "Schatz, Christian"]
[Black "Gutman, Lev"]
[Result "1/2-1/2"]
[WhiteElo "2195"]
[BlackElo "2470"]
[Annotator "chessorg"]
[PlyCount "47"]
[EventDate "2013.??.??"]
[WhiteTeam "Schachzentrum Fuerth 2002"]
[BlackTeam "SV Lingen"]

1. Nf3 Nf6 2. g3 g6 3. Bg2 Bg7 4. O-O O-O 5. d4 d5 6. Nbd2 Na6 7. c4 c5 8. dxc5
Nxc5 9. Nb3 Na4 10. Nbd4 Bd7 11. Ne5 e6 12. Qb3 Ne4 13. Nxd7 Qxd7 14. cxd5 Nac5
15. Qd1 Qxd5 16. Nb3 Qe5 17. Be3 Rfd8 18. Qc2 Nxb3 19. Qxb3 Nd2 20. Bxd2 Rxd2
21. Qxb7 Rb8 22. Qxa7 Rxe2 23. b3 Rc8 24. Rac1 1/2-1/2

[Event "Schachfestival 2013"]
[Site "Bad Woerishofen"]
[Date "2013.03.08"]
[Round "9.9"]
[White "Zude, Arno"]
[Black "Schelle, Artur"]
[Result "1-0"]
[WhiteElo "2461"]
[BlackElo "2208"]
[Annotator "chessorg"]
[PlyCount "53"]
[EventDate "2013.??.??"]
[WhiteTeam "SV 1920 Hofheim"]
[BlackTeam "SC Tarrasch 45 Muenchen"]

1. e4 d5 2. exd5 Qxd5 3. Nc3 Qa5 4. d4 Nf6 5. Bd2 Bg4 6. f3 Bf5 7. g4 Bd7 8.
Bc4 Qb6 9. Nge2 Qc6 10. Bb3 Qxf3 11. Rf1 Qxg4 12. Bf4 Na6 13. Qd2 Qh5 14. O-O-O
Qa5 15. Be5 c6 16. Kb1 e6 17. Qf4 O-O-O 18. Bxf6 gxf6 19. Qxf6 Rg8 20. Ne4 Rg2
21. Nf4 Rxh2 22. Qxf7 Nc7 23. Bxe6 Qb4 24. Bxd7+ Rxd7 25. Qf5 Be7 26. Nd3 Qc4
27. Qxd7+ 1-0

[Event "Schachfestival 2013"]
[Site "Bad Woerishofen"]
[Date "2013.03.08"]
[Round "9.10"]
[White "Felgendreher, Heiko"]
[Black "Estremera, Sergio"]
[Result "1/2-1/2"]
[WhiteElo "2208"]
[BlackElo "2365"]
[Annotator "chessorg"]
[PlyCount "46"]
[EventDate "2013.??.??"]
[WhiteTeam "Freibauer Moerlenbach-Birkenau"]

1. e4 e5 2. Nf3 Nc6 3. d4 exd4 4. Nxd4 Nf6 5. Nxc6 bxc6 6. e5 Qe7 7. Qe2 Nd5 8.
c4 Ba6 9. b3 O-O-O 10. g3 g5 11. Bg2 Bg7 12. Bb2 Rde8 13. O-O Bxe5 14. Bxe5
Qxe5 15. Qxe5 Rxe5 16. cxd5 Bxf1 17. Kxf1 cxd5 18. Nc3 c6 19. Rd1 Rhe8 20. Bf3
Kc7 21. Ne2 Rb8 22. Rd4 a5 23. Nc1 Rb4 1/2-1/2

[Event "Schachfestival 2013"]
[Site "Bad Woerishofen"]
[Date "2013.03.08"]
[Round "9.15"]
[White "Pirrot, Dieter"]
[Black "Weisenburger, Horst"]
[Result "1-0"]
[WhiteElo "2377"]
[BlackElo "2173"]
[Annotator "chessorg"]
[PlyCount "63"]
[EventDate "2013.??.??"]
[WhiteTeam "SV Hofheim"]
[BlackTeam "SC Boeblingen 1975 e.V."]

1. e4 d5 2. exd5 Qxd5 3. Nf3 Bg4 4. Be2 Nc6 5. d4 O-O-O 6. Be3 e5 7. c4 Qa5+ 8.
Bd2 Bb4 9. d5 Bxf3 10. Bxf3 Bxd2+ 11. Nxd2 Nd4 12. O-O Qb4 13. b3 Nh6 14. a3
Qe7 15. Re1 f5 16. b4 Qf6 17. g3 Nxf3+ 18. Nxf3 Ng4 19. h3 h5 20. hxg4 hxg4 21.
Nxe5 Qh6 22. Kf1 Rde8 23. Qd4 f4 24. Qxf4 Qh3+ 25. Ke2 Rhf8 26. Qd4 Rf5 27. Kd3
Qh5 28. Nxg4 Rf3+ 29. Re3 Qg6+ 30. Kc3 Re4 31. Rxf3 Rxd4 32. Rf8+ 1-0

[Event "Schachfestival 2013"]
[Site "Bad Woerishofen"]
[Date "2013.03.08"]
[Round "9.18"]
[White "Jameson, David"]
[Black "Calzetta Ruiz, Monica"]
[Result "1-0"]
[WhiteElo "2113"]
[BlackElo "2251"]
[Annotator "chessorg"]
[PlyCount "21"]
[EventDate "2013.??.??"]
[WhiteTeam "SC-Starnberg"]
[BlackTeam "SK Doppelbauer Kiel"]

1. d4 Nf6 2. Bf4 c5 3. e3 cxd4 4. exd4 Qb6 5. Nc3 Qxb2 6. Nb5 Na6 7. a3 g5 8.
Bd2 Ne4 9. Bc4 Nxd2 10. Kxd2 d5 11. Ra2 1-0

[Event "Schachfestival 2013"]
[Site "Bad Woerishofen"]
[Date "2013.03.08"]
[Round "9.22"]
[White "Kannenberg, Karl-Heinz"]
[Black "Wörl, Richard"]
[Result "1-0"]
[WhiteElo "2200"]
[BlackElo "2054"]
[Annotator "chessorg"]
[PlyCount "67"]
[EventDate "2013.??.??"]
[WhiteTeam "SC Kitzingen von 1905"]
[BlackTeam "SW Nuernberg Sued e.V."]

1. d4 Nf6 2. Bf4 d5 3. e3 Bf5 4. c4 Bxb1 5. Rxb1 e5 6. dxe5 Bb4+ 7. Ke2 Ne4 8.
Qxd5 Qxd5 9. cxd5 g5 10. Bg3 h5 11. f3 Nxg3+ 12. hxg3 Nd7 13. f4 O-O-O 14. a3
Be7 15. b4 Nb6 16. e4 f5 17. Rc1 Kb8 18. exf5 Nxd5 19. f6 Nxf6 20. exf6 Bxf6
21. Nf3 Bb2 22. Rd1 g4 23. Rxd8+ Rxd8 24. Ne5 Bxa3 25. b5 Rh8 26. Nxg4 c6 27.
bxc6 b5 28. Ne5 Kc7 29. Kd2 Kb6 30. Kc2 a5 31. Be2 Rg8 32. Rxh5 Rxg3 33. Bf3
Rg7 34. Nd7+ 1-0

[Event "Schachfestival 2013"]
[Site "Bad Woerishofen"]
[Date "2013.03.08"]
[Round "9.25"]
[White "Rogobete, Nikolas"]
[Black "Herbold, Manfred"]
[Result "1-0"]
[WhiteElo "2244"]
[BlackElo "2078"]
[Annotator "chessorg"]
[PlyCount "95"]
[EventDate "2013.??.??"]
[WhiteTeam "SC Tuerkheim/Bad Wörishofen"]
[BlackTeam "SF Botvinnik Steinsfurt"]

1. e4 e6 2. d4 d5 3. Nd2 Nc6 4. Ngf3 Nf6 5. e5 Ne4 6. Bd3 f5 7. exf6 Nxf6 8.
O-O Nb4 9. Be2 c5 10. c3 Nc6 11. Bd3 Bd6 12. dxc5 Bxc5 13. b4 Bd6 14. b5 Na5
15. Qe2 O-O 16. Nb3 Re8 17. Nxa5 Qxa5 18. Ne5 Qxc3 19. Bb2 Qc7 20. Rac1 Qe7 21.
f4 Bd7 22. Rf3 Rac8 23. Rcf1 a6 24. a4 axb5 25. axb5 Ne4 26. Rh3 Bxe5 27. Bxe5
Qc5+ 28. Kh1 g6 29. Qb2 Rf8 30. Rhf3 Qb6 31. h4 Qd8 32. Rh3 h5 33. Qe2 Kf7 34.
g4 hxg4 35. Qxg4 Rc1 36. Rhf3 Rxf1+ 37. Rxf1 Qb6 38. Bxe4 dxe4 39. Rg1 Rg8 40.
h5 Bxb5 41. hxg6+ Ke8 42. g7 Kd7 43. Rd1+ Bd3 44. Qg6 Qd8 45. Rc1 Qh4+ 46. Kg1
Bc4 47. Qf7+ Kc6 48. Qc7+ 1-0

[Event "Schachfestival 2013"]
[Site "Bad Woerishofen"]
[Date "2013.03.08"]
[Round "9.34"]
[White "Neu, Peter"]
[Black "Walda, Michael"]
[Result "0-1"]
[WhiteElo "2086"]
[BlackElo "1957"]
[Annotator "chessorg"]
[PlyCount "86"]
[EventDate "2013.??.??"]
[WhiteTeam "SC Brett vorm Kopp Ffm"]
[BlackTeam "SAbt Niederraeder TG"]

1. e4 c5 2. Nf3 g6 3. d4 cxd4 4. Nxd4 Nf6 5. Nc3 Nc6 6. Be3 Bg7 7. Bc4 O-O 8.
Bb3 Ng4 9. Qxg4 Bxd4 10. Bxd4 Nxd4 11. Qd1 Nxb3 12. axb3 d6 13. O-O Be6 14. Qd4
a6 15. Rfe1 Rc8 16. Re2 Rc5 17. Nd5 Bg4 18. f3 e5 19. Qd3 Be6 20. b4 Rc8 21. c3
Bxd5 22. Qxd5 Qb6+ 23. Kh1 Rc6 24. Rd1 Kg7 25. g4 g5 26. Qd2 Qd8 27. Qe3 Qf6
28. Rd5 Re8 29. Kg1 h6 30. Red2 Re6 31. Kf1 Qe7 32. b5 axb5 33. Rxb5 Rf6 34.
Kg2 Rc5 35. Rd5 b6 36. Rxb6 Rxd5 37. exd5 Qa7 38. Qg1 e4 39. fxe4 Qa4 40. Qd4
Qc2+ 41. Kg3 Qe2 42. h3 Qf3+ 43. Kh2 Kh7 0-1

[Event "Schachfestival 2013"]
[Site "Bad Woerishofen"]
[Date "2013.03.08"]
[Round "9.35"]
[White "Hess, Max"]
[Black "Gruettner, Ralf"]
[Result "1/2-1/2"]
[WhiteElo "2001"]
[BlackElo "2085"]
[Annotator "chessorg"]
[PlyCount "114"]
[EventDate "2013.??.??"]
[WhiteTeam "Post-SV Memmingen"]
[BlackTeam "SK Freising"]

1. e4 e5 2. Nf3 Nc6 3. Bb5 a6 4. Ba4 Nf6 5. Qe2 b5 6. Bb3 Bc5 7. d3 Bb7 8. Bg5
h6 9. Bh4 d6 10. Nc3 g5 11. Bg3 Qd7 12. Nd5 Nxd5 13. exd5 Ne7 14. O-O-O O-O-O
15. d4 exd4 16. Nxd4 Rde8 17. Qd2 Nxd5 18. Nxb5 Ne3 19. Rde1 Nxg2 20. Rxe8+
Rxe8 21. Nc3 Nf4 22. Rd1 Qf5 23. Kb1 Kb8 24. h4 Nh5 25. hxg5 hxg5 26. Bc4 Nxg3
27. fxg3 f6 28. Rf1 Qe5 29. Qd3 Ka7 30. a3 Bd4 31. Rf5 Qe3 32. Nd5 Qxd3 33.
Bxd3 Re1+ 34. Ka2 Bc8 35. Nxc7 Bxf5 36. Bxf5 Be5 37. g4 Kb6 38. Nd5+ Kc5 39.
Nb4 Kb6 40. Nd5+ Ka7 41. b4 Rg1 42. a4 Rg3 43. b5 axb5 44. axb5 Bd4 45. c4 Rh3
46. Bd7 Rh2+ 47. Kb3 Rb2+ 48. Ka3 Rf2 49. Kb3 Rg2 50. Be6 Rb2+ 51. Ka3 Re2 52.
Bd7 Rc2 53. Kb3 Rc1 54. Bf5 Rf1 55. Bd7 Rf2 56. Be6 Re2 57. Bd7 Rf2 1/2-1/2

[Event "Schachfestival 2013"]
[Site "Bad Woerishofen"]
[Date "2013.03.08"]
[Round "9.38"]
[White "Schleich, Theo"]
[Black "Trebbin, Wolfhard"]
[Result "1-0"]
[WhiteElo "2099"]
[BlackElo "1981"]
[Annotator "chessorg"]
[PlyCount "65"]
[EventDate "2013.??.??"]
[WhiteTeam "SK Siemens Muenchen"]
[BlackTeam "SG Lasker Steglitz-Wilmersdorf"]

1. d4 d5 2. Bg5 Nd7 3. e3 c6 4. c4 dxc4 5. Nf3 Ngf6 6. Bxc4 e6 7. O-O Be7 8.
Nc3 Nd5 9. Bxe7 Qxe7 10. a3 O-O 11. e4 Nxc3 12. bxc3 e5 13. Re1 exd4 14. cxd4
Nb6 15. Bb3 Bg4 16. Re3 Rad8 17. Qd3 c5 18. d5 Rfe8 19. Nd2 Qe5 20. Rb1 Bh5 21.
a4 Bg6 22. a5 Nc8 23. Qb5 Qc7 24. Rc1 b6 25. Ba4 Re7 26. Qe2 Qe5 27. Nc4 Qb8
28. Bc6 b5 29. Na3 a6 30. Rxc5 Qd6 31. Rc1 Qe5 32. Nc2 Bxe4 33. Re1 1-0

[Event "Schachfestival 2013"]
[Site "Bad Woerishofen"]
[Date "2013.03.08"]
[Round "9.43"]
[White "Hillebrand, Carsten"]
[Black "Lochte, Szilvia"]
[Result "1-0"]
[WhiteElo "2040"]
[BlackElo "1934"]
[Annotator "chessorg"]
[PlyCount "51"]
[EventDate "2013.??.??"]
[WhiteTeam "Freier Sportverein von 1898 Dort"]
[BlackTeam "SC-Starnberg"]

1. c4 Nf6 2. g3 e6 3. Bg2 d5 4. Nf3 Be7 5. O-O O-O 6. d3 b6 7. cxd5 exd5 8. Nc3
Bb7 9. Nh4 Qd7 10. a4 c5 11. d4 Ne4 12. Nf3 Nc6 13. Nb5 a6 14. Na3 Bf6 15. dxc5
bxc5 16. Nc4 Qe6 17. Ncd2 Rfd8 18. Qb3 Rab8 19. Nxe4 Qxe4 20. Bf4 Na5 21. Qb6
Nc4 22. Qa7 Ra8 23. Qxb7 Nxb2 24. Ne5 Qxe2 25. Rfe1 Qc2 26. Rac1 1-0

[Event "Schachfestival 2013"]
[Site "Bad Woerishofen"]
[Date "2013.03.08"]
[Round "9.44"]
[White "Koch, Harald"]
[Black "Scharrer, Udo"]
[Result "1/2-1/2"]
[WhiteElo "1879"]
[BlackElo "2039"]
[Annotator "chessorg"]
[PlyCount "26"]
[EventDate "2013.??.??"]
[WhiteTeam "SK Kissing"]
[BlackTeam "SV Dicker Turm Esslingen"]

1. c4 g6 2. Nc3 Bg7 3. g3 d6 4. Bg2 e5 5. Nf3 f5 6. d3 Nf6 7. O-O O-O 8. Rb1
Nh5 9. Bg5 Qd7 10. Bd2 f4 11. Ng5 c6 12. b4 h6 13. Nge4 Nf6 1/2-1/2

[Event "Schachfestival 2013"]
[Site "Bad Woerishofen"]
[Date "2013.03.08"]
[Round "9.45"]
[White "Astengo, Corrado"]
[Black "Von Saldern, Ruediger"]
[Result "1-0"]
[WhiteElo "2171"]
[BlackElo "1964"]
[Annotator "chessorg"]
[PlyCount "57"]
[EventDate "2013.??.??"]
[WhiteTeam "Societe  Scacchistica Milanese"]
[BlackTeam "SF Starnberger See e.V."]

1. e4 e5 2. Nf3 Nc6 3. d4 exd4 4. Nxd4 Bc5 5. Be3 Qf6 6. c3 Nge7 7. Bc4 O-O 8.
O-O Bb6 9. Bb3 d6 10. Kh1 Ne5 11. f4 Ng4 12. Bg1 c5 13. Nc2 Ng6 14. Ne3 Nxe3
15. Bxe3 Bd7 16. e5 dxe5 17. Qxd7 exf4 18. Na3 Rad8 19. Qg4 h5 20. Qxh5 Rd3 21.
Nc4 Re8 22. Bd2 Bc7 23. Bc2 Rdd8 24. a4 Qc6 25. Rae1 Rxe1 26. Rxe1 Nf8 27. Qf3
Qf6 28. Qxb7 Bb8 29. Qe7 1-0